LDR 00787naa#a2200193#i#450# 001 EN\\bibl\122096 005 20260603174106.3 011 ## _a2588-0209 100 ## _a20260601b2026####ek#y0engy0150####ca 102 ## _aRU 200 1# _aABOUT SOME INCONSISTENCIES IN THE AREA OF CLASSIFYING LAND AS GRAPE-FRIENDLY IN THE KRASNODAR TERRITORY _eJournal article 210 1# _aMoscow _cElectronic science _d2026 215 ## _a13 с. 608 ## _aJournal article _2local 675 ## _aКлассификация по ценности и использованию почв, классификация по различным почвенным системам. 631.474 _z 700 #1 _aKalitkin _gAleksey Viktorovich 700 #1 _aVlasenko _gValeriy Petrovich 700 #1 _aBykova _gMarina Vladimirovna 856 4# _aqje.su _u